[Event "Stuttgart-chB int"]
[Site "Ditzingen"]
[Date "2013.05.09"]
[Round "1"]
[White "Ruehl, Volker"]
[Black "Zeldin, Boris"]
[Result "0-1"]
[WhiteElo "1817"]
[BlackElo "1633"]
[PlyCount "77"]
[EventDate "2013.05.09"]
[EventType "swiss"]
[EventRounds "7"]
[EventCountry "GER"]
[SourceTitle "EXT 2014"]
[Source "ChessBase"]
[SourceDate "2013.11.20"]
[SourceVersion "1"]
[SourceVersionDate "2013.11.20"]
[SourceQuality "1"]

1. b4 d5 2. Bb2 e6 3. Nf3 Nf6 4. b5 Bd6 5. e3 c5 6. c4 0-0 7. Be2 a6 8. a4 Nbd7 9. 0-0 b6 10. Nc3 Qc7 11. bxa6 Bxa6 12. cxd5 Bxe2 13. Qxe2 exd5 14. Nb5 Qb8 15. Nxd6 Qxd6 16. Rfb1 c4 17. Nd4 Nc5 18. Qd1 Qd7 19. Nb5 Nfe4 20. f3 Nd6 21. Nxd6 Qxd6 22. Bc3 Nd3 23. Rb5 Nb4 24. Bxb4 Qc6 25. Bxf8 Kxf8 26. Qb1 Ra6 27. Qb4+ Ke8 28. Rb1 Kd7 29. Rxb6 Rxb6 30. Qxb6 Qxa4 31. Qb5+ Qxb5 32. Rxb5 Kd6 33. Kf2 h5 34. Ke2 f5 35. Kd1 g5 36. Kc2 Ke5 37. d3 cxd3+ 38. Kxd3 h4 39. e4 0-1